MOTORS FOR ELECTRICAL CARS

Bibliographic Details
Main Author: Bršlica, Vít (Author)
Format: Article
Language:English
ISBN:8071005185

MARC

LEADER 00000naa a2200000uu 4500
001 vtls010953959
003 SK-MaSNL
005 20260302123942.0
008 210906|1998 xo |||||||||||||||||eng|
015 |a SNBRA 
035 |a (urnnbn)urn:nbn:sk:snk:ar-a0bm0w 
035 |a (uuid)a56fcabc-b460-4337-870d-2a0989afb9ac 
035 |a urn:nbn:sk:snk-aaue0b 
040 |a SNKBUCL  |b slo  |c SNKBUCL  |e AACR2 
041 0 |a eng 
044 |a xo  |c SK 
100 1 |a Bršlica, Vít  |4 aut  |9 512309 
245 1 0 |a MOTORS FOR ELECTRICAL CARS  |c Vít Bršlica 
773 0 |t Communications on the edge of the millenniums  |d Žilina : University of Žilina, 1998, 1998  |g S. 81-84  |z 8071005185 
958 |a OND 
958 |a article11 
958 |a chapter 
999 |c 1285413  |d 1287343